LEADER 02236cam3 2200361 450 001 E600200055108 005 20091112082142.0 100 $a20091019f0000 |||||ita|0103 ba 101 $ager 102 $aDE 200 1 $aReihe I$eWerke$fFriedrich Wilhelm Joseph Schelling 210 $aStuttgart$cFrommann-Holzboog 215 $av.$d25 cm 300 $a(bb) 461 1$1001E600200055096$12000 $aHistorisch-kritische Ausgabe 463 1$1001E600200056267$12000 $aWerke 1 : Elegie (1790) ; De Malorum Origine (1792) ; Uber Mythen (1793) ; Form der Philosophie (1794) ; Erklarung (1794) 463 1$1001E600200056272$12000 $aWerke 2 : Vom Ich als Princip der Philosophie (1795) ; De Marcione (1795) 463 1$1001E600200056277$12000 $aWerke 3 : Philosophische Briefe uber Dogmatismus und Kriticismus (1795) ; Neue Deduction des Naturrechts (1796-97) ; Antikritik (1796) 463 1$1001E600200056278$12000 $aWerke 4 : Allgemeine Ubersicht (1797-1798) ; An Heydenreich (1797) ; Antwort auf Tittmann (1797) ; Carus-Rezension (1798) Offenbarunf und Volksunterricht (1798) ; Schlosser-Rezension (1798) 463 1$1001E600200056279$12000 $aWerke 5 : Idee zu einer Philosophie der Natur (1797) 463 1$1001SOB002162$12000 $aWerke 6 : Von der Weltseele ; Eine Hypothese ; Der hohern Physik zur Erklarung des allgemeinen Organismus (1798) ; Vorrede zur Uebersetzung (1798) 463 1$1001SOB005804$12000 $aWerke 7 : Erster Entwurf eines Systems ; Der Naturphilosophie (1799) 463 1$1001E600200002154$12000 $aWerke 8 : Schriften (1799-1800) 463 1$1001E600200014660$12000 $aWerke 9 : System des transscendentalen Idealismus (1800) ; Teilband I 463 1$1001E600200054624$12000 $aWerke 10 : Schriften 1801 : "Darstellung meines Systems der Philosophie" und andere Texte 463 1$1001E600200056282$12000 $aErgänzungsband zu Werke Band 5 bis 9 : Wissenschaftshistorischer Bericht zu Schellings Naturphilosophischen Schriften 1797-1800 700 1$aSchelling$b, Friedrich Wilhelm Joseph : von$3A600200062986$4070$0151913 801 0$aIT$bUNISOB$c20091112$gRICA 912 $aE600200055108 940 $aM 102 Monografia moderna SBN 941 $aM 996 $aReihe I$91706170 997 $aUNISOB LEADER 01893nam0 22004813i 450 001 VAN0263471 005 20231130031820.626 017 70$2N$a9783642824562 100 $a20230920d1985 |0itac50 ba 101 $aeng 102 $aDE 105 $a|||| ||||| 200 1 $aCombinatorial Algorithms on Words$fedited by Alberto Apostolico, Zvi Galil 210 $aBerlin$cSpringer$d1985 215 $aviii, 363 p.$d24 cm 410 1$1001VAN0048879$12001 $aNATO ASI series. Series F: Computer and systems sciences$1210 $aBerlin$cSpringer$v12 606 $a68-XX$xComputer science [MSC 2020]$3VANC019670$2MF 606 $a00B25$xProceedings of conferences of miscellaneous specific interest [MSC 2020]$3VANC020732$2MF 610 $aArea$9KW:K 610 $aCalculus$9KW:K 610 $aCoding$9KW:K 610 $aCoding theory$9KW:K 610 $aCombinatorial algorithms$9KW:K 610 $aCombinatorics$9KW:K 610 $aData Compression$9KW:K 610 $aFormal languages$9KW:K 610 $aLanguages$9KW:K 610 $aMatching$9KW:K 610 $aModels$9KW:K 610 $aPattern Matching$9KW:K 610 $aTuring$9KW:K 620 $dBerlin$3VANL000066 702 1$aApostolico$bAlberto$3VANV217809 702 1$aGalil$bZvi$3VANV217810 712 $aSpringer $3VANV108073$4650 801 $aIT$bSOL$c20240614$gRICA 856 4 $uhttps://doi.org/10.1007/978-3-642-82456-2$zE-book ? Accesso al full-text attraverso riconoscimento IP di Ateneo, proxy e/o Shibboleth 899 $aBIBLIOTECA DEL DIPARTIMENTO DI MATEMATICA E FISICA$1IT-CE0120$2VAN08 912 $fN 912 $aVAN0263471 950 $aBIBLIOTECA DEL DIPARTIMENTO DI MATEMATICA E FISICA$d08CONS e-book 6680 $e08eMF6680 20230927 996 $aCombinatorial Algorithms on Words$93555099 997 $aUNICAMPANIA